000 00919nas a2200289 4500
001 BR9200805
003 BR-BrBNA
005 20231205092316.0
007 ta
008 230509b bl.|||p| |||| 00| 00por d
040 _aBR-BrBNA
_bpor
_cBiblioteca Nacional de Agricultura
041 _a(Pt)
072 _aE50
100 1 _aOtani, M.N.
100 1 _aFranca, T.J.
100 1 _aBarros, F.R. de
245 1 _aAspectos da formacao dos produtores de leite C no vale do Paraiba, estado de Sao Paulo
246 1 _aSocio-cultural features of type "C" milk producers in the Paraiba river valley, Sao Paulo, Brazil
650 _aLEITE
650 _aPEQUENO PRODUTOR
650 _aTRABALHO
650 _aFAMILIA
650 _aSAO PAULO
773 0 _tAgricultura em Sao Paulo (Brazil)
_xISSN 0044-6793
_g(1991), v. 38(1) p. 155-191
_wBR9200805
909 _a202311
_bLúcia
_c55
_dLúcia Elande
942 _2AGRIS
_n0
_cANA
999 _c130833
_d130833